000 00450cam a2200181ua 4500
020 _c14.00
041 _amal
_h
082 _a332.46
_bALE/PA
100 _aAlexander, Joseph K .
245 _aPanasastram /
_cJoseph K Alexander.
_hTextual Documents
250 _a1 /
_b.
260 _aThiruvananthapuram :
_bKerala Bhasha Institute ,
_c1973.
300 _a ; .
365 _a14.00
504 _a
942 _cBK
999 _c12027
_d12027